1as Jornadas regionales sobre el cultivo de frambuesa /

Guardado en:
Autores Corporativos: Jornadas regionales sobre el cultivo de frambuesa Mar del Plata), Instituto Nacional de Tecnología Agropecuaria (Argentina). Centro Regional Buenos Aires Sur. Estación Experimental Agropecuaria Balcarce.
Formato: Libro
Idioma:Spanish
Publicado: Balcarce : INTA EEA Balcarce, 1993.
Etiquetas: Agregar Etiqueta
Sin Etiquetas, Sea el primero en etiquetar este registro!
LEADER 00783nam a22001575a 4500
001 EEA.libagro004792
005 20181024112255.0
008 130809s1993####ag#a##########100#0#spa#d
082 0 4 |a 634.711 
111 2 |a Jornadas regionales sobre el cultivo de frambuesa  |n (1 :  |d abril 15, 1993 :  |c Mar del Plata) 
245 1 0 |a 1as Jornadas regionales sobre el cultivo de frambuesa /  |c editor: Dr. Andrés López Camelo. 
260 |a Balcarce :  |b INTA EEA Balcarce,  |c 1993. 
300 |a 83 p. :  |b il. ;  |c 20 cm. 
500 |a Proyecto regional: Producción de hortalizas para la exportación. 
710 2 |a Instituto Nacional de Tecnología Agropecuaria (Argentina).  |b Centro Regional Buenos Aires Sur.  |b Estación Experimental Agropecuaria Balcarce. 
859 |a AR-BbBCA  |b BIB. AGRONOMIA  |h 634.711  |i J82 1 1993  |p 1994/2040